Trouve les paroles de Feel It de Jain - Statistiques

Statistiques générales
  • Ce quiz a été pris 5 fois
  • Le résultat moyen est 191 sur 316
Statistiques - réponses
Hint Réponse % Correct
. | .. feel
80%
. Feel
80%
. feeli
80%
. | .. feeling
80%
. got
80%
. gotta
80%
. I
80%
. | .. it
80%
. life
80%
. | .. the
80%
. | .. to
80%
. You
80%
. | .. you
80%
. | .. your
80%
. | .. and
60%
. And
60%
. eyes
60%
. | .. in
60%
. | .. just
60%
. | .. mind
60%
. | .. soul
60%
. be
40%
. from
40%
. want
40%
. we
40%
. when
40%
. When
40%
. air
20%
. all
20%
. | .. alright
20%
. arms
20%
. cage
20%
. despise
20%
. enemies
20%
. far
20%
. Far
20%
. | .. fine
20%
. flesh
20%
. for
20%
. free
20%
. hating
20%
. heart
20%
. | .. It's
20%
. lies
20%
. light
20%
. love
20%
. none
20%
. of
20%
. Oh
20%
. our
20%
. ourselves
20%
. out
20%
. over
20%
. pride
20%
. rage
20%
. respect
20%
. Right
20%
.. smile
20%
. some
20%
. stop
20%
. this
20%
. we'll
20%
. won't
20%
. worst
20%
. Yeah
20%
. yourself
20%
Aucun quiz correspondant
Distribution des résultats
% des personnes avec chaque résultat
Percentile par nombre de réponses
Votre historique - résultats
Vous n’avez pas pris ce quiz